000 00395nam a22001457a 4500
999 _c4028
_d4028
008 200710b ||||| |||| 00| 0 eng d
082 0 0 _a621.3
_bM478
100 _93328
_aMcPartland, Joseph F.
245 1 0 _aElectrical systems design
_cby Joseph F. McPartland
260 _aNew York
_bMcGraw-Hill
_c1960
300 _aix,208p.
365 _d38.75
650 0 _aElectrical Engineering
942 _cBK